00276nam a2200109Ia 4500008004100000041000800041082002100049100001500070245003500085260003700120300000900157230411s9999 xx 000 0 und d aeng aB/530/THA/B07532 aThayalan K aBio Medical Physics for Nurses bJaypee BrothersaNew Delhic2007 a188p